Geschichte der Kommunistischen Partei der Tschechoslowakei

Bibliographic Details
Other Authors: Klos, Alfred (Translator), Schmiedt, R. F. (Translator), Ullmann, Eduard (Translator)
Format: Book
Language:German
Czech
PhysicalDescription:367 s. 22 cm
Published: Berlin Dietz 1981
Subjects:

MARC

LEADER 00000cam a2200000 a 4500
001 vtls009522758
003 SK-MaSNL
005 20260311132928.0
008 250313s1981 gw 000 0 gers
015 |a SNBZSA2015 
035 |a 70D70DA5-D774-4258-8EAF-3923A6D6C1AF 
035 |a urn:nbn:sk:snk-amlb7v 
035 |a urn:nbn:sk:snk-am0092ii 
040 |a SNK  |b slo  |c SNK  |e AACR2 
041 1 |a ger  |h cze 
043 |a e-cs--- 
044 |a gw  |c DE 
072 7 |a 329  |x Politické strany a hnutia  |2 konspekt 
072 7 |a 93/94  |x Dejiny (všeobecne)  |2 konspekt 
080 |a 329.15  |2 2001 
080 |a 93/94  |2 2001 
080 |a (437)  |2 2001 
080 |a (048.8)  |2 2011 
240 1 0 |a Přehled Dějin KSČ  |l Nemecky 
245 0 0 |a Geschichte der Kommunistischen Partei der Tschechoslowakei  |c [Übersetrung: Alfred Kols, R.-F. Schmiedt und Eduard Ullmann] 
260 |a Berlin  |b Dietz  |c 1981 
300 |a 367 s.  |c 22 cm 
500 |a Institut für Marxismus-Leninismus beim ZK der KPTsch ; Institut für Marxismus-Leninismus beim ZK der KPS 
504 |a Bibliogr. odkazy 
650 0 7 |a komunistické strany  |2 SNKPH  |9 3597 
650 0 7 |a dejiny  |2 SNKPH  |9 3825 
650 0 7 |a communist parties  |2 SNKPHeng  |9 266578 
650 0 7 |a History  |2 SNKPHeng  |9 265139 
651 7 |a Československo  |2 SNKPH  |9 21376 
651 7 |a Czechoslovakia  |2 SNKPHeng  |9 265183 
655 7 |a monografie  |2 SNKPH  |9 70139 
655 7 |a Monographs  |2 SNKPHeng  |9 120675 
700 1 |a Klos, Alfred  |4 trl  |9 538789 
700 1 |a Schmiedt, R. F.  |4 trl  |9 538790 
700 1 |a Ullmann, Eduard  |4 trl  |9 538791 
710 2 |a Ústav marxismu-leninismu ÚV KSČ (Praha, Česko)  |4 oth  |9 471283 
852 |a Slovenská národná knižnica 
958 |a DE 
958 |a NB 
958 |a OP 
958 |a ZS 
958 |a OND 
999 |c 830447  |d 832377 
952 |a SNK  |b SNK  |y PREZ  |7 0  |p 17A1109390  |o snkSC 159580  |i snk2014/10433  |8 2  |g 1.00  |0 0  |1 0  |4 0  |d 2014-03-24  |f 1  |l 0  |r 2025-08-21 00:00:00  |w 2026-02-24